Quarterly Bulletin of Statistics

Gespeichert in:
Bibliographische Detailangaben
Format: Schriftenreihe
Sprache:Englisch
Veröffentlicht: Bangkok National Statistical Office 1987
Tags: Tag hinzufügen
Keine Tags, Fügen Sie das erste Tag hinzu!

MARC

LEADER 00000nas2a2200000 4500
001 s039586
005 20250730114150.6
041 0 |a eng 
044 |a TH 
245 1 0 |a Quarterly Bulletin of Statistics 
264 1 |a Bangkok  |b National Statistical Office  |c 1987 
300 |a 1 zv. 
773 0 |w eu_un_cat*s120261